[Event "FSIMA March"]
[Site "Budapest HUN"]
[Date "2009.03.15"]
[Round "9"]
[White "Lengyel,B"]
[Black "Berczes,C"]
[Result "1/2-1/2"]
[WhiteElo "2268"]
[BlackElo "2383"]

1.e4 c5 2.Nf3 Nc6 3.d4 cxd4 4.Nxd4 Qc7 5.Nc3 e6 6.Be2 a6 7.O-O Nf6 8.Be3 Be7
9.f4 d6 10.Kh1 O-O 11.Qe1 Nxd4  1/2-1/2

[Event "10th EICC"]
[Site "Budva MNE"]
[Date "2009.03.17"]
[Round "11"]
[White "Djukic,Ni"]
[Black "Pankov,Ger"]
[Result "1-0"]
[WhiteElo "2500"]
[BlackElo "2392"]

1.e4 c5 2.Nf3 Nc6 3.d4 cxd4 4.Nxd4 Qb6 5.Nb3 Nf6 6.Nc3 e6 7.Bd3 Be7 8.Qe2 d6
9.f4 a6 10.Be3 Qc7 11.g4 b5 12.O-O-O Nd7 13.Kb1 Bb7 14.Rhg1 Nc5 15.Rc1 b4
16.Nd1 a5 17.Qf2 O-O 18.g5 Rfc8 19.Qh4 Nd7 20.Rg3 a4 21.Nd2 Ba6 22.Rh3 Nf8
23.Nc4 Bxc4 24.Bxc4 Ne5 25.Be2 Nc4 26.f5 Nxe3 27.Nxe3 a3 28.fxe6 fxe6 29.Bc4 d5
30.Nxd5 Qd8 31.Nxe7+ Qxe7 32.Bb3 Rc5 33.g6 Qxh4 34.Rxh4 hxg6 35.Rd1 Rg5 36.Rf4 Rg2
37.h3 g5 38.Rg4 Re2 39.Rdg1 Ra7 40.e5 Rxe5 41.Rxb4 axb2 42.Rb8 Rf7 43.a4 Rff5
44.Kxb2 Kf7 45.Rd1 Kg6 46.Rdd8 Nh7 47.Bc4 Rf7 48.Bd3+ Kh6 49.Rb5  1-0

[Event "25th Spring Festival"]
[Site "Budapest HUN"]
[Date "2009.03.20"]
[Round "1"]
[White "Vit,D"]
[Black "Metaxasz,V"]
[Result "0-1"]
[WhiteElo "1756"]
[BlackElo "2132"]

1.e4 c5 2.Nf3 Nc6 3.d4 cxd4 4.Nxd4 Qb6 5.Nb3 Nf6 6.Nc3 e6 7.Be3 Qc7 8.g3 Bb4
9.Bg2 O-O 10.O-O a6 11.f4 d5 12.exd5 Rd8 13.Bd2 exd5 14.Na4 Bg4 15.Bf3 Bh3
16.Rf2 b5 17.Nac5 Bxc5 18.Nxc5 Nd4 19.Nb3 Nxf3+ 20.Qxf3 Re8 21.Ba5 Qa7 22.Nd2 Re3
23.Qd1 Ng4  0-1

[Event "10th Dos Hermanas Internet"]
[Site "ICC INT"]
[Date "2009.03.21"]
[Round "4.4"]
[White "Sammour Hasbun,J"]
[Black "Kononenko,Dmitry1"]
[Result "1/2-1/2"]
[WhiteElo "2460"]
[BlackElo "2574"]

1.e4 c5 2.Nf3 Nc6 3.d4 cxd4 4.Nxd4 Qb6 5.Nb3 Nf6 6.Nc3 e6 7.Be3 Qc7 8.f3 Bb4
9.Qd2 d5 10.O-O-O O-O 11.a3 Bxc3 12.Qxc3 dxe4 13.fxe4 Nxe4 14.Qe1 Nf6 15.Qh4 Nd5
16.Bd3 f5 17.Rhe1 Nxe3 18.Rxe3 b6 19.Rh3 h6 20.Kb1 Bb7 21.g4 Ne5 22.gxf5 exf5
23.Rg1 Qd6 24.Qf4 Rf6 25.Nd4 Nxd3 26.Qxd6 Rxd6 27.Nxf5 Rf6 28.Nxh6+ Kf8 29.Ng4 Nf2
30.Rh8+ Kf7 31.Rxa8 Bxa8 32.Nxf6 gxf6 33.h4  1/2-1/2

[Event "10th Dos Hermanas Internet"]
[Site "ICC INT"]
[Date "2009.03.21"]
[Round "5.2"]
[White "Andriasian,Z"]
[Black "Kononenko,Dmitry1"]
[Result "1-0"]
[WhiteElo "2564"]
[BlackElo "2574"]

1.e4 c5 2.Nf3 Nc6 3.d4 cxd4 4.Nxd4 Qb6 5.Nb3 Nf6 6.Nc3 e6 7.Bd3 d6 8.O-O Be7
9.Kh1 Qc7 10.f4 a6 11.a4 b6 12.Qf3 Bb7 13.Be3 O-O 14.Qh3 Nb4 15.Rae1 Nxd3
16.cxd3 Rac8 17.Nd4 Nd7 18.f5 e5 19.f6 Bxf6 20.Nf5 Kh8 21.Rf3 Rfe8 22.Ref1 Nf8
23.Bh6 gxh6 24.Qxh6 Re6 25.Rh3 Qd8 26.Nd5 Bxd5 27.exd5 Re8 28.g4 e4 29.g5 Bxb2
30.d4 Bxd4 31.Nxd4 Qe7 32.Nf5 Qe5 33.Nxd6 Re7 34.Nxc8  1-0

[Event "25th Spring Festival"]
[Site "Budapest HUN"]
[Date "2009.03.22"]
[Round "3"]
[White "Szentgyorgyi,S"]
[Black "Metaxasz,V"]
[Result "1/2-1/2"]
[WhiteElo "1773"]
[BlackElo "2132"]

1.e4 c5 2.Nf3 Nc6 3.d4 cxd4 4.Nxd4 Qb6 5.Nb3 Nf6 6.Nc3 e6 7.Be3 Qc7 8.a3 a6
9.Be2 Be7 10.Qd2 d6 11.f4 O-O 12.Nd4 Bd7 13.g4 Nxd4 14.Qxd4 d5 15.e5 Ne4
16.Nxe4 dxe4 17.O-O-O Rac8 18.Rd2 Bc6 19.Rhd1 b5 20.Qb6 Qxb6 21.Bxb6 Bd5
22.Kb1 Rc6 23.Be3  1/2-1/2

[Event "11th Rector Cup Match of Champions"]
[Site "Kharkov UKR"]
[Date "2009.03.26"]
[Round "1"]
[White "Onischuk,V"]
[Black "Nyzhnyk,I"]
[Result "1-0"]
[WhiteElo "2488"]
[BlackElo "2504"]

1.e4 c5 2.Nf3 Nc6 3.d4 cxd4 4.Nxd4 Qb6 5.Nb3 e6 6.Nc3 Nf6 7.Be3 Qc7 8.f4 d6
9.g4 h6 10.Qe2 a6 11.Bg2 Be7 12.O-O-O Nd7 13.h4 b5 14.g5 hxg5 15.hxg5 Rxh1
16.Rxh1 g6 17.Rh8+ Nf8 18.f5 b4 19.Na4 Rb8 20.f6 Bd8 21.Qf2 Ne5 22.Qh4 Nd7
23.Nd4 Qa5 24.b3 Qe5 25.Nb2 Bb6 26.c3 bxc3 27.Nc4 Bxd4 28.Bf4 Qc5 29.Bxd6 Be3+
30.Kc2 Qxg5 31.Qxg5 Bxg5 32.e5 Rb5 33.Bc6  1-0

[Event "25th Spring Festival"]
[Site "Budapest HUN"]
[Date "2009.03.28"]
[Round "9"]
[White "Szentgyorgyi,S"]
[Black "Kiss,Pe2"]
[Result "1-0"]
[WhiteElo "1773"]
[BlackElo "1532"]

1.e4 c5 2.Nf3 Nc6 3.d4 cxd4 4.Nxd4 Qb6 5.Nb3 Nf6 6.Nc3 e6 7.Be3 Qc7 8.a3 Be7
9.Be2 O-O 10.f4 d6 11.O-O a6 12.Bf3 b5 13.Qe2 Bb7 14.Rad1 Rac8 15.Qf2 Qb8
16.Qg3 Ba8 17.f5 Kh8 18.fxe6 fxe6 19.Bf4 Rfd8 20.Kh1 b4 21.axb4 Nxb4 22.Nd4 e5
23.Ne6 Rg8 24.Bc1 Nxc2 25.Ng5 g6 26.Qh3 Rg7 27.Qe6 Nd4 28.Nf7+ Kg8 29.Nh6+ Kf8
30.Qa2 Bb7 31.Bg4 Rc5 32.Bg5 Qd8 33.Bh3 Ke8 34.Qa4+ Bc6 35.Qa2 Bd7 36.Bxd7+ Kxd7
37.Nf7 Qf8 38.Nh6 Qd8 39.Qxa6 Kc7 40.Bxf6  1-0

[Event "11th European Senior Team"]
[Site "Velden AUT"]
[Date "2009.04.11"]
[Round "7"]
[White "Jamieson,P"]
[Black "Liebert,H"]
[Result "1/2-1/2"]
[WhiteElo "2288"]
[BlackElo "2250"]

1.e4 c5 2.Nf3 Nc6 3.d4 cxd4 4.Nxd4 Qc7 5.Be3 Nf6 6.Nc3 e6 7.Bd3 a6 8.O-O Bd6
9.Nxc6 bxc6 10.f4 e5 11.f5 Be7 12.Bc4 Bb7 13.Qf3 O-O 14.Rad1 d5 15.exd5 cxd5
16.Nxd5 Bxd5 17.Bxd5 Nxd5 18.Rxd5 Qxc2 19.Rxe5 Bf6 20.Rc5 Qxb2 21.Qf2  1/2-1/2

[Event "11th European Senior Team"]
[Site "Velden AUT"]
[Date "2009.04.11"]
[Round "7"]
[White "Vasiukov,E"]
[Black "Rosen,W"]
[Result "1-0"]
[WhiteElo "2482"]
[BlackElo "2290"]

1.e4 c5 2.Nf3 Nc6 3.d4 cxd4 4.Nxd4 Qb6 5.Nb3 Nf6 6.Nc3 e6 7.Bd3 a6 8.O-O d6
9.a4 Be7 10.a5 Qc7 11.Be3 Bd7 12.Bb6 Qb8 13.f4 Nb4 14.Be2 Bc6 15.Bf3 O-O
16.Re1 Nd7 17.Bf2 Rc8 18.Qd2 b6 19.h3 bxa5 20.Nxa5 Bf8 21.Red1 Nb6 22.Qe3 Nd7
23.Rd2 Bb5 24.g3 Nc6 25.Nxc6 Rxc6 26.Kh2 Nb6 27.b3 Qc8 28.Nxb5 axb5 29.Rxa8 Nxa8
30.Qe2 Nc7 31.f5 Be7 32.fxe6 fxe6 33.h4 Qa6 34.Be3 b4 35.Qf2 e5 36.Bg4 Rc3
37.Bb6 Qa8 38.Re2 Qf8 39.Ba5 Na6 40.Be6+ Kh8 41.Qxf8+ Bxf8 42.Bc4 Nc5 43.Rf2 Be7
44.Rf7 Rxc2+ 45.Kg1 Nxe4 46.Rxe7 g5 47.Bxb4 gxh4 48.gxh4  1-0

[Event "ch-MGL"]
[Site "Ulan Bator MGL"]
[Date "2009.04.12"]
[Round "3"]
[White "Munguntuul,B"]
[Black "Lhagva,J"]
[Result "1-0"]
[WhiteElo "2440"]
[BlackElo "2213"]

1.e4 c5 2.Nf3 Nc6 3.d4 cxd4 4.Nxd4 Qc7 5.Nc3 e6 6.Ndb5 Qb8 7.Be3 a6 8.Bb6 axb5
9.Nxb5 Bb4+ 10.c3 Ba5 11.Nc7+ Qxc7 12.Bxc7 Bxc7 13.Qg4 g6 14.Bd3 Ne5 15.Qe2 Ne7
16.O-O O-O 17.a4 Nxd3 18.Qxd3 d5 19.b4 b6 20.c4 Be5 21.Ra3 Bd6 22.Qd2 Rd8
23.Rd1 dxc4 24.Qxd6 Rxd6 25.Rxd6 b5 26.a5 Ra6 27.Rb6 Kg7 28.Rxb5 Rc6 29.Rc3 Ba6
30.Rb8 Rd6 31.Kf1  1-0

[Event "11th European Senior Team"]
[Site "Velden AUT"]
[Date "2009.04.13"]
[Round "9"]
[White "Rahls,P"]
[Black "Rosen,W"]
[Result "0-1"]
[WhiteElo "2280"]
[BlackElo "2290"]

1.e4 c5 2.Nf3 Nc6 3.d4 cxd4 4.Nxd4 Qb6 5.Nb3 Nf6 6.Nc3 e6 7.Be3 Qc7 8.Bd3 Bb4
9.O-O Bxc3 10.bxc3 d5 11.exd5 Nxd5 12.Bd2 O-O 13.Re1 e5 14.Qf3 Nde7 15.Nc5 Ng6
16.Rab1 Rb8 17.g3 Nce7 18.Nb3 f5 19.Qe2 b6 20.h4 e4 21.Bc4+ Kh8 22.h5 Ne5
23.Bf4 Ra8 24.Nd2 Rd8 25.h6 N7g6 26.hxg7+ Qxg7 27.Bxe5 Nxe5 28.Nxe4 Nxc4
29.Qxc4 fxe4 30.Rxe4 Bb7 31.Rf4 Rac8 32.Qe2 Rxc3 33.Kh2 Rc6 34.Rbb4 Rh6+
35.Rh4 Rxh4+ 36.Rxh4 Rf8 37.f4 Qa1  0-1

[Event "CCF Easter"]
[Site "Coulsdon ENG"]
[Date "2009.04.15"]
[Round "4"]
[White "Eggleston,D"]
[Black "Radovanovic,J"]
[Result "1/2-1/2"]
[WhiteElo "2358"]
[BlackElo "2323"]

1.e4 c5 2.Nf3 Nc6 3.d4 cxd4 4.Nxd4 Qb6 5.Nb3 Nf6 6.Nc3 e6 7.Be3 Qc7 8.Bd3 Bb4
9.O-O Bxc3 10.bxc3 d6 11.Nd4 e5 12.Nb5 Qe7 13.Bc4 O-O 14.Qxd6 Qxd6 15.Nxd6 Na5
16.Bb3 Be6 17.c4 Rfd8 18.c5 Rd7 19.Ba4 Rc7 20.Rfb1 a6 21.Rb4 Ng4 22.Bd2 Rxc5
23.Nxb7 Nxb7 24.Rxb7 Rd8 25.Bb4 Rc4 26.Be7 Rdc8 27.Bb3 Rd4 28.h3 Nf6 29.Bxe6 fxe6
30.Bxf6 gxf6 31.Re7 a5 32.Rb1 Rb4 33.Rd1 Rd4 34.Rb1 Rb4 35.Rxb4 axb4 36.Rxe6 Kf7
37.Rb6 Rc4 38.f3 h5 39.h4 Kg6 40.Kh2 Kg7 41.Kh3 Rxc2 42.Rxb4 Rxa2 43.g4 Kg6
44.Rb6 hxg4+ 45.Kxg4 Rg2+ 46.Kh3 Rc2 47.Kg3 Ra2 48.Rb1 Rc2 49.Kg4 Rg2+ 50.Kh3 Rc2
51.Rg1+ Kh5 52.Rg8 Rc1 53.Rh8+ Kg6 54.Rg8+ Kh5 55.Rf8 Kg6 56.h5+ Kg5 57.Kg2 Rc6
58.Rh8 Kf4 59.h6 Rc2+ 60.Kh3 Rc1 61.Kg2 Rc2+ 62.Kg1 Kxf3 63.Rf8 Rg2+ 64.Kf1 Rf2+
65.Kg1 Rg2+ 66.Kf1  1/2-1/2

[Event "TCh-HUN 2008-9"]
[Site "Budapest HUN"]
[Date "2009.04.18"]
[Round "11"]
[White "Horvath,Ad1"]
[Black "Berczes,C"]
[Result "1-0"]
[WhiteElo "2514"]
[BlackElo "2399"]

1.e4 c5 2.Nf3 Nc6 3.d4 cxd4 4.Nxd4 Qc7 5.Nc3 e6 6.Be2 a6 7.O-O Nf6 8.Kh1 Bb4
9.Qd3 h5 10.f4 Nxd4 11.Qxd4 Bc5 12.Qd3 d6 13.Qg3 Rh7 14.e5 h4 15.Qd3 dxe5
16.fxe5 Qxe5 17.Rxf6 gxf6 18.Qxh7 Bb4 19.Ne4 Bd7 20.Qh8+ Ke7 21.Qxa8 h3 22.Bh6 hxg2+
23.Kg1 Bc5+ 24.Nxc5 Qxc5+ 25.Kxg2 Bc6+ 26.Kf1 Qf5+ 27.Ke1 Qg6 28.Bf8+  1-0

[Event "Magnificent Chess UWI Masters"]
[Site "Mona JAM"]
[Date "2009.04.21"]
[Round "5"]
[White "Hammar,B"]
[Black "Matthews,S"]
[Result "0-1"]
[WhiteElo "2323"]
[BlackElo "2205"]

1.e4 c5 2.Nf3 Nc6 3.d4 cxd4 4.Nxd4 Qb6 5.Nb3 Nf6 6.Nc3 e6 7.a3 Qc7 8.f4 d6
9.Bd3 a6 10.O-O Be7 11.Qf3 O-O 12.Bd2 b5 13.Kh1 Bb7 14.Qh3 b4 15.Ne2 bxa3
16.Rxa3 e5 17.Raa1 exf4 18.Rxf4 Ne5 19.Nbd4 Ng6 20.Ng3 Nxf4 21.Bxf4 Rfe8
22.Bg5 g6 23.Qh4 Nxe4 24.Nxe4 Bxe4 25.Bxe4 Bxg5 26.Qxg5 Rxe4 27.Nf5 Rae8
28.h3 d5 29.Kg1 Qf4 30.Qxf4 Rxf4 31.Ng3 Re6 32.Rd1 Rb4 33.b3 Rb5 34.Kf2 Rc5
35.Rd2 Rec6 36.Ne2 Rxc2  0-1

[Event "III Open"]
[Site "La Laguna ESP"]
[Date "2009.05.05"]
[Round "2"]
[White "Vega Gutierrez,B"]
[Black "Korneev,O"]
[Result "1/2-1/2"]
[WhiteElo "2236"]
[BlackElo "2587"]

1.e4 c5 2.Nf3 Nc6 3.d4 cxd4 4.Nxd4 Qb6 5.Nb3 Nf6 6.Nc3 e6 7.Bd3 Qc7 8.f4 d6
9.Be3 a6 10.Qf3 b5 11.g4 Bb7 12.g5 Nd7 13.O-O-O Nb4 14.Kb1 Be7 15.Rhg1 Rc8
16.a3 Nxd3 17.cxd3 d5 18.Rc1 Qb8 19.Qh3 dxe4 20.Nxe4 Rxc1+ 21.Rxc1 O-O 22.Na5 b4
23.axb4 Bxb4 24.Nxb7 Qxb7 25.Bd4 Qd5 26.Bc3 Bxc3 27.Rxc3 Rd8 28.Qe3 Nf8 29.h4 Nd7
30.h5 f5 31.gxf6 Nxf6 32.Nxf6+ gxf6 33.h6 Qf5 34.Kc2 Rd7 35.Rc5 Rxd3 36.Rxf5 Rxe3
37.Rxf6 a5 38.Kd2 Rf3 39.Kc2 a4 40.Rxe6 Rxf4 41.Re7 Rf6 42.Rc7  1/2-1/2

[Event "III Open"]
[Site "La Laguna ESP"]
[Date "2009.05.09"]
[Round "8"]
[White "Sanz Alonso,F"]
[Black "Barlov,D"]
[Result "0-1"]
[WhiteElo "2410"]
[BlackElo "2463"]

1.e4 c5 2.Nf3 Nc6 3.d4 cxd4 4.Nxd4 Qb6 5.Nb3 Nf6 6.Nc3 e6 7.Bd3 a6 8.O-O Qc7
9.f4 d6 10.a4 b6 11.Qe2 Be7 12.Bd2 Bb7 13.Rae1 Nd7 14.Nd5 exd5 15.exd5 Nce5
16.fxe5 Nxe5 17.Bc3 O-O 18.Kh1 g6 19.Nd4 Bh4 20.Rd1 Rfe8 21.Qd2 Qe7 22.Nc6 Qg5
23.Qxg5 Bxg5 24.Nxe5 dxe5 25.Bc4 Rad8 26.d6 Rd7 27.Rde1 e4 28.Bd4 e3 29.Bxb6 Re4
30.b3 Rg4 31.Re2 Rxd6 32.Bc7 Rd2 33.Bg3 Rxc4 34.Rxd2 exd2 35.bxc4 Be4  0-1

[Event "FIDE Open"]
[Site "Ostrava CZE"]
[Date "2009.05.09"]
[Round "8"]
[White "Kravtsiv,M"]
[Black "Plischki,S"]
[Result "1-0"]
[WhiteElo "2511"]
[BlackElo "2363"]

1.e4 c5 2.Nf3 Nc6 3.d4 cxd4 4.Nxd4 Qb6 5.Nb3 Nf6 6.Nc3 e6 7.Be3 Qc7 8.Bd3 Bb4
9.O-O Bxc3 10.bxc3 d6 11.f4 O-O 12.Qf3 b6 13.Rae1 Bb7 14.Qh3 e5 15.f5 Nb8
16.Bg5 Nbd7 17.Re3 Rfe8 18.Qh4 Kf8 19.Rg3 Rac8 20.Bd2 Qb8 21.Re1 Qa8 22.c4 a5
23.Bg5 a4 24.Nd2 Qa5 25.Rd1 Qb4 26.Be3 a3 27.Rb1 Qa5 28.c5 Rxc5 29.Nb3 Qa8
30.Nxc5 bxc5 31.Bc4 Nxe4 32.Qxh7 Nxg3 33.Bg5 f6 34.Bxf6 Nxf6 35.Qh8+ Ke7
36.Qxg7+ Kd8 37.Rxb7  1-0

[Event "XXVIII Open"]
[Site "Zalakaros HUN"]
[Date "2009.05.15"]
[Round "8"]
[White "Feher,Ad"]
[Black "Berczes,C"]
[Result "0-1"]
[WhiteElo "2251"]
[BlackElo "2381"]

1.e4 c5 2.Nf3 Nc6 3.d4 cxd4 4.Nxd4 Qc7 5.Nc3 e6 6.Be2 a6 7.O-O Nf6 8.Be3 Bb4
9.Na4 O-O 10.c4 Be7 11.Nc3 Bb4 12.Na4 Bd6 13.g3 Nxe4 14.Nxc6 bxc6 15.c5 Be7
16.Qd4 Nf6 17.Nb6 Ra7 18.Bf4 Qb7 19.Bf3 Nd5 20.Bxd5 cxd5 21.b4 Bf6 22.Be5 Bxe5
23.Qxe5 Qc7 24.f4 Rd8 25.Qxc7 Rxc7 26.Rfc1 Bb7 27.Kf2 Rc6 28.Ke3 d6 29.Rab1 Kf8
30.a3 f6 31.h4 d4+ 32.Kd2 dxc5 33.bxc5 Rc7 34.Rb4 e5 35.Rbc4 Bc6 36.Re1 e4
37.a4 Re7 38.Rb4 e3+ 39.Kd3 Be4+ 40.Ke2 d3+  0-1

[Event "VI Moncada Open"]
[Site "Santiago de Cuba CUB"]
[Date "2009.05.16"]
[Round "1"]
[White "Garcia,Ser"]
[Black "Obregon Rivero,J"]
[Result "0-1"]
[WhiteElo "2190"]
[BlackElo "2309"]

1.e4 c5 2.Nf3 Nc6 3.d4 cxd4 4.Nxd4 Qc7 5.Nc3 e6 6.g3 Nf6 7.Bg2 a6 8.O-O Nxd4
9.Qxd4 Bc5 10.Qd3 Ng4 11.Bf4 Ne5 12.Na4 Ba7 13.Qc3 Qxc3 14.Nxc3 f6 15.Nd1 g5
16.Be3 g4 17.Bxa7 Rxa7 18.Ne3 b6 19.Rfd1 Rc7 20.Rd6 Rc6 21.Rxc6 dxc6 22.Bf1 Ke7
23.Be2 h5 24.Rd1 c5 25.Nc4 Nxc4 26.Bxc4 Bb7 27.Bd3 Rd8 28.Re1 Rd4 29.b3 b5
30.Re3 c4 31.bxc4 bxc4 32.Be2 Rd2 33.Bxc4 Rxc2 34.Be2 Rxa2 35.h3 Ra4 36.hxg4 hxg4
37.Bxg4 Bxe4 38.Bd1 Rd4 39.Be2 a5 40.f3 Bd5 41.Kf2 a4 42.Rc3 Kd6 43.Ke3 Rb4
44.Kd3 Bb3 45.Rc8 a3 46.Kc3 a2 47.Ra8 Ba4 48.Kxb4 a1=Q 49.Ra6+ Ke7  0-1

[Event "ch-UKR w"]
[Site "Evpatoria UKR"]
[Date "2009.05.25"]
[Round "3"]
[White "Orlyanskaya,D"]
[Black "Shvayger,Y"]
[Result "1/2-1/2"]
[WhiteElo "2053"]
[BlackElo "2160"]

1.e4 c5 2.Nf3 Nc6 3.d4 cxd4 4.Nxd4 Qb6 5.Nb3 Nf6 6.Bd3 e6 7.Nc3 a6 8.O-O d6
9.a4 Be7 10.a5 Qc7 11.Be3 Bd7 12.Na4 Nb4 13.Nb6 Rb8 14.Qd2 d5 15.e5 Ng4 16.Nxd7 Nxe3
17.Nxb8 Nxf1 18.Nxa6 bxa6 19.Bxf1 Qb7 20.Nd4 O-O 21.c3 Nc6 22.Nxc6 Qxc6 23.Qd3 Ra8
24.b4 f6 25.f4 g5 26.Qd4 Rf8 27.Qb6 Qxc3 28.Qxe6+ Rf7 29.Rd1 Qe3+ 30.Kh1 Qxf4
31.Qxd5 Kg7 32.Bc4 Rf8 33.Qe6 Bxb4 34.Qd7+ Kh8 35.Bd3 f5 36.Rf1 Qxe5 37.Bxf5 Be7
38.g4 Rd8  1/2-1/2

[Event "Doroshkevicha Mem"]
[Site "Belorechensk RUS"]
[Date "2009.05.30"]
[Round "8"]
[White "Kryakvin,D"]
[Black "Bryzgalin,K"]
[Result "1-0"]
[WhiteElo "2583"]
[BlackElo "2497"]

1.e4 c5 2.Nf3 Nc6 3.d4 cxd4 4.Nxd4 Qc7 5.Nc3 e6 6.g3 a6 7.Bg2 d6 8.O-O Bd7
9.Re1 Be7 10.Nxc6 bxc6 11.b3 e5 12.Na4 Nf6 13.Be3 O-O 14.Nb6 Rab8 15.Nxd7 Nxd7
16.Qd3 a5 17.Rad1 Rfd8 18.Bh3 Nf6 19.Bg2 Nd7 20.Qe2 Nf6 21.Rd3 d5 22.exd5 cxd5
23.Bg5 e4 24.Rdd1 h6 25.Bf4 Bd6 26.Bxd6 Rxd6 27.c4 dxc4 28.Rxd6 Qxd6 29.Qxc4 Qd2
30.Qe2 Rd8 31.h3 Rd4 32.Qxd2 Rxd2 33.a4 Rb2 34.Bxe4 Nxe4 35.Rxe4 Rxb3 36.Re5 Ra3
37.Rxa5 h5 38.h4 g6 39.Kg2 Kg7 40.Ra7 Kf6 41.a5 Kg7 42.a6 Kf6 43.Kf1 Ra2
44.Ke1 Kg7 45.Kd1 Rxf2 46.Rc7 Ra2 47.a7 Kf6 48.Kc1 Ke6 49.Kb1 Ra5 50.Kb2 f6
51.Kb3 Ra1 52.Kb4 Kd6 53.Rf7 Ke6 54.Rc7 g5 55.Kb5 Kf5 56.Rc5+ Kg6 57.Kb6  1-0

[Event "Doroshkevicha Mem"]
[Site "Belorechensk RUS"]
[Date "2009.05.31"]
[Round "9"]
[White "Tseshkovsky,V"]
[Black "Panarin,M"]
[Result "1/2-1/2"]
[WhiteElo "2554"]
[BlackElo "2516"]

1.e4 c5 2.Nf3 Nc6 3.d4 cxd4 4.Nxd4 Qc7 5.Nc3 e6 6.Be2 a6 7.O-O Nf6 8.Be3 Bb4
9.Na4 O-O 10.Nxc6 bxc6 11.f4 Rb8 12.Bd3 Be7 13.c4 d6 14.c5 d5 15.e5 Nd7 16.Qc2 g6
17.a3 a5 18.Rfb1 Qa7 19.b4 Ba6 20.Bd4 Bxd3 21.Qxd3 axb4 22.axb4 Qb7 23.Kh1 Qb5
24.Qd2 Ra8 25.Nb2 Ra6 26.Rxa6 Qxa6 27.Qd3 Qa8 28.Nd1 Rb8 29.Ra1 Qb7 30.Ra4 Ra8
31.Qa3 Rxa4 32.Qxa4 Nb8 33.Ne3 Na6 34.Nc2 Nc7 35.Qa5 Nb5 36.Bg1 Kf8 37.Nd4 Nxd4
38.Bxd4 Ke8 39.g4 Kd7 40.Kg2 h5 41.h3 hxg4 42.hxg4 Bd8 43.Qa4  1/2-1/2

[Event "FSIMA June"]
[Site "Budapest HUN"]
[Date "2009.06.07"]
[Round "2"]
[White "Szalanczy,E"]
[Black "Bouah,L"]
[Result "1-0"]
[WhiteElo "2295"]
[BlackElo "2150"]

1.e4 c5 2.Nf3 Nc6 3.d4 cxd4 4.Nxd4 Qb6 5.Nb3 Nf6 6.Nc3 e6 7.Bd3 a6 8.Qe2 d6
9.f4 Be7 10.Bd2 Qc7 11.O-O-O b5 12.Rhe1 Bb7 13.Kb1 O-O-O 14.Be3 Nd7 15.Rc1 Nc5
16.Qg4 Kb8 17.Qxg7 Rdf8 18.Qg3 Na4 19.Bd2 Bf6 20.Bf1 Rhg8 21.Qh3 Rc8 22.Nd1 Qe7
23.Qd3 Rgd8 24.c3 e5 25.g3 Qe6 26.f5 Qd7 27.Ne3 Ne7 28.Bg2 Qc7 29.c4 Nc5
30.Nxc5 dxc5 31.Nd5 b4 32.Qb3 Bxd5 33.cxd5 a5 34.Bf1 Qb6 35.Be3 Rc7 36.Rc2 Rdc8
37.Rec1 Ng8 38.Qc4 Be7 39.Be2 Nf6 40.g4 Ne8 41.Qa6 Qb7 42.Qxa5  1-0

[Event "59th ch-RUS w HL"]
[Site "Voronezh RUS"]
[Date "2009.06.09"]
[Round "9"]
[White "Semenova,Ir"]
[Black "Petrova,O"]
[Result "1-0"]
[WhiteElo "2263"]
[BlackElo "2285"]

1.e4 c5 2.Nf3 Nc6 3.d4 cxd4 4.Nxd4 Qb6 5.Nb3 Nf6 6.Nc3 e6 7.Bd3 d6 8.Be3 Qc7
9.f4 a6 10.Qf3 Be7 11.O-O O-O 12.g4 b5 13.g5 Nd7 14.Qh5 g6 15.Qh6 Re8 16.Rf3 Bf8
17.Qh4 b4 18.Ne2 Bg7 19.Rh3 Nf8 20.f5 exf5 21.exf5 Bxf5 22.Bxf5 gxf5 23.Nf4 Ne5
24.Nh5 Neg6 25.Qf2 Be5 26.Bd4 Nd7 27.Qxf5 Bxd4+ 28.Nxd4 Re5 29.Qxd7 Qc5 30.Nf6+ Kf8
31.Rd1 Nf4 32.Rxh7 Re1+ 33.Rxe1 Qxd4+ 34.Kh1  1-0

[Event "XXVII Open A"]
[Site "Balatonlelle HUN"]
[Date "2009.06.14"]
[Round "2"]
[White "Lengyel,B"]
[Black "Metaxasz,V"]
[Result "1-0"]
[WhiteElo "2268"]
[BlackElo "2142"]

1.e4 c5 2.Nf3 Nc6 3.d4 cxd4 4.Nxd4 Qb6 5.Nb3 Nf6 6.Nc3 e6 7.Bd3 a6 8.O-O d6
9.Be3 Qc7 10.f4 Be7 11.Qf3 O-O 12.g4 b5 13.g5 Nd7 14.Qh3 Nb4 15.f5 Nxd3 16.cxd3 b4
17.g6 Nf6 18.e5 dxe5 19.Ne4 h6 20.Rac1 Qd8 21.Bxh6 exf5 22.Nxf6+  1-0

[Event "13th Open"]
[Site "Voronezh RUS"]
[Date "2009.06.14"]
[Round "3"]
[White "Ajrapetian,G"]
[Black "Smirnov,P"]
[Result "1/2-1/2"]
[WhiteElo "2366"]
[BlackElo "2575"]

1.e4 c5 2.Nf3 Nc6 3.d4 cxd4 4.Nxd4 Qb6 5.Nb3 Nf6 6.Bd3 d5 7.exd5 Nxd5 8.O-O e6
9.c4 Nf6 10.Nc3 Be7 11.Be3 Qc7 12.Rc1 O-O 13.Qe2 b6 14.a3 Bb7 15.Rfd1 Ne5
16.Bf4 Qc6 17.Nd5 exd5 18.cxd5 Nxd5 19.Bxh7+ Kxh7 20.Rxc6 Nxf4 21.Qxe5 Bxc6
22.Qxe7 Kg8 23.Qd6 Ne2+ 24.Kh1 Rac8 25.h3 Rfe8 26.Rd2 Re6 27.Qxe6 Bxg2+ 28.Kxg2 Nf4+
29.Kg3 Nxe6 30.f4 g6 31.Nd4 Nxd4 32.Rxd4  1/2-1/2

[Event "13th FIDE Open"]
[Site "Voronezh RUS"]
[Date "2009.06.15"]
[Round "4"]
[White "Ajrapetian,N"]
[Black "Kasantsev,A"]
[Result "1/2-1/2"]
[WhiteElo "2081"]
[BlackElo "2093"]

1.e4 c5 2.Nf3 Nc6 3.d4 cxd4 4.Nxd4 Qb6 5.Nb3 Nf6 6.Nc3 e6 7.Be2 a6 8.O-O Be7
9.Be3 Qc7 10.f4 d6 11.Qd2 O-O 12.Rad1 b5 13.a3 Bb7 14.Bf3 Rfe8  1/2-1/2

[Event "13th FIDE Open"]
[Site "Voronezh RUS"]
[Date "2009.06.15"]
[Round "4"]
[White "Grishchenko,V"]
[Black "Petrova,O"]
[Result "0-1"]
[WhiteElo "2088"]
[BlackElo "2285"]

1.e4 c5 2.Nf3 Nc6 3.d4 cxd4 4.Nxd4 Qb6 5.Nb3 Nf6 6.Nc3 e6 7.Bd3 d6 8.O-O Be7
9.Kh1 O-O 10.f4 a6 11.Qf3 Re8 12.g4 Bf8 13.g5 Nd7 14.Rg1 g6 15.h4 Qd8 16.Rg2 h5
17.gxh6 Qxh4+ 18.Rh2 Qf6 19.h7+ Kh8 20.Qg3 b5 21.Be3 Bg7 22.Rg1 b4 23.Nd1 Bb7
24.Rh4 a5 25.Kh2 Qe7 26.Kh1 a4 27.Nd2 d5 28.exd5 exd5 29.Nf3 d4 30.Bf2 Nc5
31.Re1 Qd6 32.Kg1 Nxd3 33.cxd3 Rxe1+ 34.Bxe1 Ne7 35.Ng5 Rf8 36.Rh2 Nf5 37.Qg4 Bd5
38.Bd2 Bxa2 39.Ne4 Qb6 40.Ndf2 Bd5 41.Qd1 a3 42.bxa3 bxa3 43.Rh1 a2 44.Kh2 Ne3
45.Qa4 Qb1 46.Nh3 Ra8  0-1

[Event "13th FIDE Open"]
[Site "Voronezh RUS"]
[Date "2009.06.15"]
[Round "4"]
[White "Klimentov,R"]
[Black "Kharmunova,N"]
[Result "1-0"]
[WhiteElo "2246"]
[BlackElo "2128"]

1.e4 c5 2.Nf3 Nc6 3.d4 cxd4 4.Nxd4 Qb6 5.Nb3 Nf6 6.Be3 Qb4+ 7.N1d2 Nxe4 8.Bd3 Nxd2
9.Bxd2 Qh4 10.O-O e6 11.f4 Nb4 12.Be2 Nd5 13.Rf3 Qd8 14.c4 Nf6 15.f5 e5 16.Bc3 d6
17.c5 e4 18.Rf4 d5 19.Bb5+ Ke7 20.Ba5 b6 21.cxb6 Bd7 22.b7 Bxb5 23.Bxd8+ Rxd8
24.Qd4  1-0

[Event "13th Open"]
[Site "Voronezh RUS"]
[Date "2009.06.15"]
[Round "4"]
[White "Vorontsov,N"]
[Black "Sharafiev,A"]
[Result "0-1"]
[WhiteElo "2312"]
[BlackElo "2432"]

1.e4 c5 2.Nf3 Nc6 3.d4 cxd4 4.Nxd4 Qb6 5.Nb3 Nf6 6.Nc3 e6 7.a3 Be7 8.Bf4 O-O
9.Bd6 Ng4 10.Bg3 Nge5 11.Be2 d6 12.O-O a6 13.Kh1 Qc7 14.f4 Nd7 15.Bf3 b5
16.Qe2 Nb6 17.Rae1 Bb7 18.Nd5 exd5 19.exd5 Bf6 20.dxc6 Bxc6 21.Bxc6 Qxc6
22.c3 Nc4 23.f5 Rfe8 24.Qf2 Rxe1 25.Rxe1 Re8 26.Re2 Rxe2 27.Qxe2 h6 28.Nc1 Qd5
29.Qd3 Qc5 30.Nb3 Qc6 31.Qe2 Qd5 32.h3 Qxf5 33.Kh2 Be5 34.Nd4 Bxg3+ 35.Kxg3 Qe5+
36.Qxe5 dxe5 37.Nc6 f6 38.Nb8 Nxb2 39.Nxa6 Na4 40.Nb4 Nxc3 41.Kf3 Kf7 42.Ke3 Ke6  0-1

[Event "XXVII Open A"]
[Site "Balatonlelle HUN"]
[Date "2009.06.17"]
[Round "5"]
[White "Lorand,N"]
[Black "Meszaros,T"]
[Result "0-1"]
[WhiteElo "2314"]
[BlackElo "2434"]

1.e4 c5 2.Nf3 Nc6 3.d4 cxd4 4.Nxd4 Qc7 5.Nc3 e6 6.Be3 a6 7.Qd2 Nf6 8.O-O-O Bb4
9.f3 Ne5 10.Nb3 b5 11.Qd4 Nc4 12.Bxc4 Qxc4 13.Nd2 Qxd4 14.Bxd4 Bb7 15.e5 Nd5
16.Nde4 Rc8 17.a3 Nxc3 18.Nxc3 Bc5 19.Bxc5 Rxc5 20.Rhe1 Ke7 21.Rd2 h5 22.Re3 Bc6
23.Rd4 f6 24.exf6+ gxf6 25.Ne4 Rc4 26.Rxc4 bxc4 27.Ng3 d5 28.Nf5+ Kd7 29.Nd4 e5
30.Nxc6 Kxc6 31.f4 d4 32.Rg3 e4 33.Rg6 Rf8 34.c3 Kd5 35.Rg7 d3 36.Rd7+ Ke6
37.Rd4 Kf5 38.Rxc4 Rd8 39.Rd4 Re8 40.g3 Kg4 41.Kd2 Kf3 42.Ke1 h4 43.gxh4 Rg8
44.Kf1 Rg2 45.c4 Rxb2  0-1

[Event "13th Master Open"]
[Site "Voronezh RUS"]
[Date "2009.06.18"]
[Round "7"]
[White "Aldokhin,I"]
[Black "Smirnov,P"]
[Result "1/2-1/2"]
[WhiteElo "2345"]
[BlackElo "2575"]

1.e4 c5 2.Nf3 Nc6 3.d4 cxd4 4.Nxd4 Qb6 5.Nb3 Nf6 6.Nc3 e6 7.Be3 Qc7 8.Bd3 a6
9.f4 d6 10.Qf3 b5 11.g4 Bb7 12.g5 Nd7 13.O-O-O Be7 14.h4 b4 15.Ne2 Nc5 16.Bxc5 dxc5
17.Qe3 a5 18.Rh3 Na7 19.Nd2 O-O-O 20.e5 h6 21.Be4 Ba6 22.c4 bxc3 23.Nxc3 Rd4
24.Rhh1 a4 25.a3 Rhd8 26.Nf3 Nb5 27.Bd3 Qc6 28.Nxb5 Bxb5 29.Bxb5 Rxd1+ 30.Rxd1 Rxd1+
31.Kxd1 Qxb5 32.Qe2 Qxe2+ 33.Kxe2 c4 34.Kd2 Bc5 35.Kc3 Be3 36.gxh6 gxh6 37.f5 exf5
38.Kxc4 Kd7 39.b3 axb3 40.Kxb3 Ke6 41.Kc4 f4 42.a4 Kf5 43.Kd5 Bb6 44.Nh2 h5
45.Nf3 Bd8 46.Kd4 Kg4 47.Ke4 Ba5  1/2-1/2